| 000 | 00406nam a2200145Ia 4500 | ||
|---|---|---|---|
| 008 | 230312s9999||||xx |||||||||||||| ||und|| | ||
| 020 | _a9781119922612 | ||
| 082 |
_a5679 _bMAR-D |
||
| 100 | _aSatzinger | ||
| 245 | 0 | _aSystems analysis and design in a changing world | |
| 260 |
_bWiley _aAustrralia _c2016 |
||
| 300 | _a494 | ||
| 650 |
_aAccounting _vAccounting Data Accounting Data processing |
||
| 942 | _cBK | ||
| 999 |
_c17578 _d17578 |
||